000 00513nam a22001577a 4500
999 _c60804
_d60804
005 20231024113627.0
008 231024s1965 ru ||||| |||| 00| 0 rus d
041 _arus
080 _a27-36 K-13
100 _aКаждан, А.
_920207
245 _aОт Христа к Константину /
_cАлександр Каждан.
264 _aМ.:
_bЗнание,
_c1965.
300 _a304 стр.;
_b20 cm.
653 _aქრისტედან კონსტანტინემდე
942 _2udc
_cBK